000 00326nam a2200145Ia 4500
008 150201s2010 xx 000 0 und d
082 _a612.015
_bB11P
100 _aPTU
245 _aBIOCHEMISTTRY
250 _a1ST
260 _bVIKAS PUBLICATION
_aGGN
_c2010
300 _a1-174
650 _aBIOCHEMISTRY
942 _2ddc
_cBK
999 _c1370
_d1370